|
|
|
|
| LEADER |
02853nam a22005413i 4500 |
| 001 |
EBC6371487 |
| 003 |
MiAaPQ |
| 005 |
20231204023215.0 |
| 006 |
m o d | |
| 007 |
cr cnu|||||||| |
| 008 |
231204s2020 xx o ||||0 eng d |
| 020 |
|
|
|a 9781789246063
|q (electronic bk.)
|
| 020 |
|
|
|z 9781789246049
|
| 035 |
|
|
|a (MiAaPQ)EBC6371487
|
| 035 |
|
|
|a (Au-PeEL)EBL6371487
|
| 035 |
|
|
|a (OCoLC)1161971954
|
| 040 |
|
|
|a MiAaPQ
|b eng
|e rda
|e pn
|c MiAaPQ
|d MiAaPQ
|
| 050 |
|
4 |
|a HD1131
|
| 082 |
0 |
|
|a 333.315492
|
| 100 |
1 |
|
|a Jenkins, Andrew.
|
| 245 |
1 |
0 |
|a New Land, New Life :
|b A Success Story of New Land Resettlement in Bangladesh.
|
| 250 |
|
|
|a 1st ed.
|
| 264 |
|
1 |
|a Oxford :
|b CAB International,
|c 2020.
|
| 264 |
|
4 |
|c Ã2020.
|
| 300 |
|
|
|a 1 online resource (128 pages)
|
| 336 |
|
|
|a text
|b txt
|2 rdacontent
|
| 337 |
|
|
|a computer
|b c
|2 rdamedia
|
| 338 |
|
|
|a online resource
|b cr
|2 rdacarrier
|
| 505 |
0 |
|
|a Intro -- Front Cover -- Title Page -- Copyright -- Contents -- Figures and Tables -- Contributors -- Glossary -- Acknowledgements -- 1. The Coastal Chars of Bangladesh -- 2. The Birth of CDSP-IV -- 3. Managing Char Development and Settlement: A Complex Process -- 4. Involving the Communities and Civil Society -- 5. Role of Women in Development -- 6. Developing the Infrastructure -- 7. The Land Settlement Process -- 8. The Power of Agriculture -- 9. Money Matters - Savings and Loans -- 10. Environmental Improvement with Trees -- 11. Income and Quality of Life -- 12. Our Pride -- 13. When the Project Leaves -- References -- Back Cover.
|
| 520 |
|
|
|a The Ganges-Brahmaputra-Meghna deltas has newly emerged 'char' islands, which are very vulnerable, socially, institutionally and environmentally. This book explains how the Governments of Bangladesh and the Netherlands cooperated on a land-based rural development project to give settlers security and purpose.
|
| 588 |
|
|
|a Description based on publisher supplied metadata and other sources.
|
| 590 |
|
|
|a Electronic reproduction. Ann Arbor, Michigan : ProQuest Ebook Central, 2023. Available via World Wide Web. Access may be limited to ProQuest Ebook Central affiliated libraries.
|
| 650 |
|
0 |
|a Land settlement--Bangladesh.
|
| 650 |
|
0 |
|a Land settlement.
|
| 650 |
|
0 |
|a Bangladesh.
|
| 655 |
|
4 |
|a Electronic books.
|
| 700 |
1 |
|
|a Haider, Natasha.
|
| 700 |
1 |
|
|a Karim, Bazlul.
|
| 700 |
1 |
|
|a Chakraborty, Mihir Kumar.
|
| 700 |
1 |
|
|a Sarker, Kiran Sankar.
|
| 700 |
1 |
|
|a Karim, Rezaul.
|
| 700 |
1 |
|
|a Islam, Robiul.
|
| 700 |
1 |
|
|a Begum, Nujulee.
|
| 700 |
1 |
|
|a Mallorie, Edward.
|
| 700 |
1 |
|
|a Wilde, Koen de.
|
| 776 |
0 |
8 |
|i Print version:
|a Jenkins, Andrew
|t New Land, New Life
|d Oxford : CAB International,c2020
|z 9781789246049
|
| 797 |
2 |
|
|a ProQuest (Firm)
|
| 856 |
4 |
0 |
|u https://ebookcentral.proquest.com/lib/matrademy/detail.action?docID=6371487
|z Click to View
|